[Event "World Blitz 2023"]
[Site "Samarkand UZB"]
[Date "2023.12.30"]
[Round "12.53"]
[White "Amar, Elham"]
[Black "Leiva, Gianmarco"]
[Result "1-0"]
[WhiteElo "2470"]
[BlackElo "2338"]
[EventDate "2023.12.29"]

1. e4 c6 2. d4 d5 3. Nc3 dxe4 4. Nxe4 Nf6 5. Nxf6+ exf6 6. c3 Bd6 7. Bd3
O-O 8. Qc2 Re8+ 9. Ne2 h5 10. O-O Nd7 11. Ng3 Qc7 12. Nxh5 Bxh2+ 13. Kh1
Bd6 14. Bc4 Nf8 15. Bh6 Be6 16. Bxe6 Nxe6 17. Bxg7 Qa5 18. d5 Qxd5 19. Qd1
Qxd1 20. Raxd1 Nxg7 21. Nxf6+ Kf8 22. Rxd6 Re6 23. Rxe6 Nxe6 24. Rd1 Ke7
25. Ne4 a5 26. Kg1 a4 27. Rd2 Ra5 28. Re2 Re5 29. Ng3 Rd5 30. f3 Rd1+ 31.
Kf2 Ra1 32. a3 Rd1 33. Nf5+ Kf6 34. Ne3 Rb1 35. Ng4+ Ke7 36. Ne5 Nf4 37.
Ng6+ 1-0

[Event "World Blitz 2023"]
[Site "Samarkand UZB"]
[Date "2023.12.30"]
[Round "12.54"]
[White "Hong, Andrew"]
[Black "Xue, Haowen"]
[Result "1-0"]
[WhiteElo "2460"]
[BlackElo "2155"]
[EventDate "2023.12.29"]

1. d4 Nf6 2. Nc3 d5 3. Bf4 c5 4. e3 a6 5. Nf3 Bg4 6. h3 Bh5 7. g4 Bg6 8.
Ne5 Qb6 9. Bg2 e6 10. O-O cxd4 11. exd4 Nc6 12. Nxc6 bxc6 13. Na4 Qa5 14.
c4 Be7 15. c5 Nd7 16. Qb3 e5 17. dxe5 O-O 18. Rac1 Rab8 19. Qa3 Rb5 20. e6
fxe6 21. Bd6 Bxd6 22. cxd6 c5 23. Rfe1 Rf6 24. g5 Rf5 25. Rxe6 Qd2 26. Qe3
Rxf2 27. Bxd5 Qxd5 28. Kxf2 1-0

[Event "World Blitz 2023"]
[Site "Samarkand UZB"]
[Date "2023.12.30"]
[Round "12.55"]
[White "Gharibyan, Mamikon"]
[Black "Xie, Felix"]
[Result "1/2-1/2"]
[WhiteElo "2444"]
[BlackElo "2107"]
[EventDate "2023.12.29"]

1. e4 c5 2. Nf3 e6 3. g3 d5 4. exd5 exd5 5. Bg2 Qe7+ 6. Qe2 Nc6 7. Qxe7+
Ngxe7 8. O-O Nb4 9. Na3 Bf5 10. d3 O-O-O 11. Re1 a6 12. Bd2 Nbc6 13. Nb1 f6
14. Nc3 Ng6 15. a3 Be7 16. h3 h5 17. Nh2 d4 18. Nd5 Rhe8 19. Kf1 Bd6 20. b4
Nge5 21. bxc5 Bxc5 22. f4 Nf7 23. Nb4 Nxb4 24. axb4 Bb6 25. Nf3 Nd6 26. Nh4
Bh7 27. g4 hxg4 28. hxg4 Nb5 29. f5 Bg8 30. Ng6 Kb8 31. Bf4+ Bc7 32. Kf2
Bf7 33. Bxc7+ Nxc7 34. Nf4 Nb5 35. Rh1 Rc8 36. Rac1 Na3 37. Rh7 Rg8 38. Bd5
Bxd5 39. Nxd5 Rxc2+ 40. Rxc2 Nxc2 41. Ne7 Re8 42. Rxg7 Nxb4 43. g5 Nxd3+
44. Ke2 Nf4+ 45. Kf3 fxg5 46. f6 Ne6 47. Rh7 Rf8 48. Nd5 d3 49. Ke3 Nf4 50.
Nb6 Ka7 51. Nd7 Rd8 52. Kd2 Ne6 53. Re7 Nf8 54. Nc5 Kb6 55. Nxb7 Rb8 56.
Nd6 Kc6 57. Nf7 Ng6 58. Ra7 Kd5 59. Nxg5 Rf8 60. Rxa6 Ke5 61. Nf3+ Kf5 62.
Nd4+ Ke5 63. Nf3+ Kf5 64. Nd4+ Ke5 65. Kxd3 Nf4+ 66. Kc4 Rxf6 67. Nc6+ Kf5
68. Ne7+ Kg5 69. Rxf6 Kxf6 70. Nd5+ Nxd5 71. Kxd5 1/2-1/2

[Event "World Blitz 2023"]
[Site "Samarkand UZB"]
[Date "2023.12.30"]
[Round "12.56"]
[White "Gorovets, Andrey"]
[Black "Botiraliev, Abdumajid"]
[Result "0-1"]
[WhiteElo "2418"]
[BlackElo "1515"]
[EventDate "2023.12.29"]

1. Nf3 d5 2. g3 Nd7 3. d4 Nb6 4. Nc3 Bf5 5. Nh4 Bg4 6. h3 Bh5 7. a4 a5 8.
Ng2 e6 9. Nf4 Bg6 10. Bg2 Nf6 11. O-O Bb4 12. Nxg6 hxg6 13. Qd3 O-O 14. e3
c6 15. Ne2 Re8 16. f4 Bf8 17. g4 c5 18. c3 Nc4 19. Ng3 Nd6 20. Bf3 Qc7 21.
Kg2 cxd4 22. exd4 Qc4 23. Qe3 Qb3 24. Bd1 Qb6 25. Bc2 Rac8 26. Rf2 Nc4 27.
Qf3 Nd6 28. h4 Nh7 29. h5 gxh5 30. Nxh5 g6 31. Be3 gxh5 32. Rh1 f5 33. Rxh5
Nf6 34. Rg5+ Bg7 35. gxf5 exf5 36. Bd3 Nde4 37. Re2 Nxg5 38. fxg5 Ne4 39.
Qxf5 Qe6 40. Qf3 Qg6 41. Bf4 Rf8 42. Qg4 Qf5 0-1

[Event "World Blitz 2023"]
[Site "Samarkand UZB"]
[Date "2023.12.30"]
[Round "12.57"]
[White "Drazic, Sinisa"]
[Black "Ansat, Aldiyar"]
[Result "0-1"]
[WhiteElo "2276"]
[BlackElo "2404"]
[EventDate "2023.12.29"]

1. d4 Nf6 2. Bg5 Ne4 3. Bf4 d5 4. Nd2 g6 5. Nxe4 dxe4 6. Be5 f6 7. Bg3 Bg7
8. e3 O-O 9. Bc4+ Kh8 10. Ne2 c5 11. c3 cxd4 12. cxd4 Nc6 13. O-O b6 14. a3
Bb7 15. Rc1 Rc8 16. Be6 Ra8 17. d5 Nb8 18. Bc7 Qe8 19. Nd4 Na6 20. Bg3 Rd8
21. Nc6 Bxc6 22. Rxc6 Nc5 23. Rxc5 bxc5 24. Qc2 Qb5 25. a4 Qb4 26. b3 f5
27. h4 Bf6 28. Rc1 Rb8 29. d6 Rb6 30. dxe7 Bxe7 31. Rd1 Rxe6 0-1

[Event "World Blitz 2023"]
[Site "Samarkand UZB"]
[Date "2023.12.30"]
[Round "12.58"]
[White "Chinguun, Sumiya"]
[Black "Ohanyan, Emin"]
[Result "1-0"]
[WhiteElo "2200"]
[BlackElo "2387"]
[EventDate "2023.12.29"]

1. e4 c5 2. Nc3 e6 3. f4 d5 4. Nf3 dxe4 5. Nxe4 Nc6 6. Bb5 Bd7 7. O-O a6 8.
Be2 Nf6 9. Nxf6+ gxf6 10. Kh1 Qc7 11. b3 Qxf4 12. d4 Qd6 13. Bb2 cxd4 14.
Nxd4 Nxd4 15. Bxd4 e5 16. Be3 Qxd1 17. Raxd1 Be7 18. Bf3 Bc6 19. Bxc6+ bxc6
20. Rd3 Rd8 21. Rc3 Kd7 22. Rc4 Rc8 23. Ra4 Ra8 24. h3 Ke6 25. Rc4 Rac8 26.
Ra4 f5 27. Rxa6 f4 28. Bc1 f5 29. a4 Bc5 30. Re1 Kd6 31. Bb2 Rhe8 32. Ra5
Bb4 33. Bxe5+ Ke6 34. Bc3+ Kd7 35. Rxe8 1-0

[Event "World Blitz 2023"]
[Site "Samarkand UZB"]
[Date "2023.12.30"]
[Round "12.59"]
[White "Akhmedov, David"]
[Black "Brunello, Sabino"]
[Result "0-1"]
[WhiteElo "2154"]
[BlackElo "2573"]
[EventDate "2023.12.29"]

1. e4 e5 2. Nf3 Nc6 3. Nc3 Bb4 4. g3 d6 5. Bg2 Nge7 6. a3 Ba5 7. b4 Bb6 8.
Na4 O-O 9. O-O f5 10. exf5 Bxf5 11. d3 Qd7 12. Nd2 Bg4 13. Bf3 Rxf3 14.
Nxf3 Rf8 15. Nxb6 axb6 16. Ng5 Bxd1 17. Rxd1 h6 18. Ne4 Nd4 19. c3 Nf3+ 20.
Kg2 Qg4 21. h3 Nh4+ 22. Kh2 Qxd1 0-1

[Event "World Blitz 2023"]
[Site "Samarkand UZB"]
[Date "2023.12.30"]
[Round "12.60"]
[White "Asadli, Vugar"]
[Black "Suleymenov, Alisher"]
[Result "1-0"]
[WhiteElo "2584"]
[BlackElo "2326"]
[EventDate "2023.12.29"]

1. e4 c5 2. Nc3 Nc6 3. Bb5 Nd4 4. Nf3 e6 5. O-O a6 6. Bd3 Nc6 7. e5 d6 8.
exd6 Nf6 9. Ne4 Bxd6 10. b3 O-O 11. Bb2 Be7 12. Qe2 Nb4 13. Nxf6+ Bxf6 14.
Bxf6 Qxf6 15. Be4 Rd8 16. c4 Rd6 17. Qe3 Nc6 18. Qxc5 Qd8 19. Bxc6 Rxc6 20.
Qe3 b5 21. Ne5 Rc7 22. d3 Bb7 23. Rac1 Qd6 24. d4 Rac8 25. c5 Qd5 26. f3
Rd8 27. Rfd1 h6 28. a4 Bc6 29. Nxc6 Qxc6 30. axb5 axb5 31. Qe4 Rd5 32. Ra1
Rcd7 33. b4 g6 34. h4 Kg7 35. Qe2 Qc7 36. Qxb5 Rxd4 37. Rxd4 Rxd4 38. Rb1
Rd2 39. Qf1 Qf4 40. Qe1 Qd4+ 41. Kh2 Qd3 42. Rc1 Re2 43. Qf1 Qd2 44. c6
Qf4+ 45. Kg1 Qd4+ 46. Kh1 Qxh4+ 47. Kg1 Qd4+ 48. Kh1 Re5 49. g4 Qd2 50. c7
Re2 51. c8=Q Rf2 52. Qxf2 Qxf2 53. Qc3+ Kh7 54. Rc2 Qf1+ 55. Kh2 Qb5 56.
Qd4 Qf1 57. Rc8 Qe2+ 58. Kg3 Qe1+ 59. Kg2 Qe2+ 60. Qf2 Qe5 61. Qd2 Qb5 62.
Qb2 e5 63. Rc7 1-0

[Event "World Blitz 2023"]
[Site "Samarkand UZB"]
[Date "2023.12.30"]
[Round "12.61"]
[White "Nigmatov, Ortik"]
[Black "Van Foreest, Lucas"]
[Result "1-0"]
[WhiteElo "2382"]
[BlackElo "2519"]
[EventDate "2023.12.29"]

1. e4 e5 2. Nf3 Nc6 3. Bb5 Nf6 4. d3 d6 5. O-O a6 6. Ba4 b5 7. Bb3 Na5 8.
c3 Nxb3 9. axb3 Be7 10. Nbd2 c5 11. Re1 O-O 12. h3 Re8 13. Nf1 h6 14. d4
Qc7 15. Ng3 Bd7 16. Nh4 Bf8 17. Nhf5 exd4 18. cxd4 Bxf5 19. Nxf5 Nxe4 20.
Qg4 Nf6 21. Rxe8 Rxe8 22. Nxh6+ Kh8 23. Qh4 gxh6 24. Qxf6+ Bg7 25. Qf5 Re1+
26. Kh2 cxd4 27. Rxa6 Be5+ 28. Bf4 Qe7 29. Ra8+ Kg7 30. Qg4+ Qg5 31. Bxe5+
dxe5 32. Qf3 e4 33. Qg3 d3 34. Qb8 Qe7 35. Qh8+ Kg6 36. Rg8+ Kf5 37. Qxh6
Qc7+ 38. g3 Qc1 39. Qh5+ Kf6 40. Qh4+ Kf5 41. g4+ Ke6 42. Re8+ Kd6 43. Qf6+
Kc5 44. Rc8+ Kb4 45. Rxc1 Rxc1 46. Qd4+ Kxb3 47. Qxe4 d2 48. Qd3+ Kxb2 49.
Qxd2+ Rc2 50. Qb4+ 1-0

[Event "World Blitz 2023"]
[Site "Samarkand UZB"]
[Date "2023.12.30"]
[Round "12.62"]
[White "Averin, Nikolay"]
[Black "Chanda, Sandipan"]
[Result "0-1"]
[WhiteElo "2283"]
[BlackElo "2490"]
[EventDate "2023.12.29"]

1. e4 c5 2. Nf3 d6 3. d4 cxd4 4. Nxd4 Nf6 5. Nc3 a6 6. Be3 e6 7. g4 e5 8.
Nf5 g6 9. g5 gxf5 10. exf5 d5 11. Qf3 Ne4 12. Nxe4 dxe4 13. Qxe4 Nc6 14.
Bc4 Qd7 15. g6 fxg6 16. fxg6 Qe7 17. Bf7+ Kd7 18. O-O-O+ Kc7 19. f4 Be6 20.
Bxe6 Qxe6 21. f5 Qxa2 22. f6 hxg6 23. Qxg6 Qa1+ 24. Kd2 Rd8+ 25. Ke2 Rxd1
26. Rxd1 Rxh2+ 27. Ke1 Bb4+ 28. c3 Bxc3+ 29. bxc3 Qxc3+ 30. Bd2 Qf3 31.
Qg7+ Kb6 32. Qg1+ Nd4 33. Be3 Qe2# 0-1

[Event "World Blitz 2023"]
[Site "Samarkand UZB"]
[Date "2023.12.30"]
[Round "12.63"]
[White "Wanyama, Harold"]
[Black "Bologan, Victor"]
[Result "0-1"]
[WhiteElo "2228"]
[BlackElo "2489"]
[EventDate "2023.12.29"]

1. d4 Nf6 2. c4 e6 3. g3 Nc6 4. Bg2 Bb4+ 5. Bd2 Qe7 6. a3 Bxd2+ 7. Qxd2 e5
8. dxe5 Nxe5 9. Qc3 O-O 10. Nf3 d6 11. Nxe5 dxe5 12. O-O a5 13. e4 b6 14.
Nd2 c5 15. Rfd1 Bb7 16. f3 Rfd8 17. Nf1 Rd4 18. Ne3 g6 19. Nd5 Bxd5 20.
cxd5 Rxd1+ 21. Rxd1 Qd6 22. f4 Re8 23. Re1 Nh5 24. Bf3 Nf6 25. Re2 h5 26.
Kg2 Nd7 27. Qd2 Kg7 28. h3 h4 29. Bg4 Nf6 30. gxh4 exf4 31. Kf3 Qe5 32.
Qxf4 Qd4 33. d6 Qd3+ 34. Re3 Qf1+ 35. Kg3 Qg1+ 36. Kf3 Qf1+ 37. Kg3 Qg1+
38. Kf3 Qd1+ 39. Kf2 Qd4 40. Kf3 Re5 41. Re2 Qxd6 42. Rd2 Qe7 43. Re2 Nd5
44. Qd2 Nf6 45. Qc3 b5 46. Qd3 c4 47. Qd4 Qc7 48. Kg2 b4 49. axb4 axb4 50.
Bf3 Qc5 51. Qxc5 Rxc5 52. e5 Nd7 53. e6 fxe6 54. Rxe6 Ne5 55. Be4 c3 56.
bxc3 bxc3 57. Kf2 c2 58. Bxc2 Rxc2+ 59. Ke3 Nf7 60. Re4 Rc3+ 61. Kf2 Rxh3
62. Kg2 Rb3 63. Rg4 Kh6 64. Re4 Nd6 65. Rf4 Nf5 66. Kf2 Kh5 0-1

[Event "World Blitz 2023"]
[Site "Samarkand UZB"]
[Date "2023.12.30"]
[Round "12.64"]
[White "Kazhgaleyev, Murtas"]
[Black "Shogdzhiev, Roman"]
[Result "1-0"]
[WhiteElo "2488"]
[BlackElo "2117"]
[EventDate "2023.12.29"]

1. d4 d5 2. c4 c6 3. Nc3 Nf6 4. e3 e6 5. Nf3 Nbd7 6. Bd3 dxc4 7. Bxc4 b5 8.
Bb3 Bb7 9. O-O a6 10. e4 b4 11. e5 bxc3 12. exf6 Nxf6 13. bxc3 Bd6 14. Bg5
O-O 15. Rb1 Rb8 16. Bc2 h6 17. Bh4 Be7 18. Qd3 g6 19. Ne5 Qe8 20. Rfe1 Nd7
21. Bg3 Ba8 22. Nxg6 fxg6 23. Bxb8 Nxb8 24. Rxb8 Qf7 25. Rxf8+ Bxf8 26.
Qxg6+ Qxg6 27. Bxg6 c5 28. dxc5 Bd5 29. Be4 Bxa2 30. c6 Bd6 31. Rd1 Bf4 32.
Rd7 a5 33. c7 Bxc7 34. Rxc7 a4 35. Ra7 Bb3 36. Bc6 e5 37. Bxa4 Be6 38. Re7
Ba2 39. h4 Kf8 40. Rxe5 Kg7 41. f4 Kf6 42. g4 Bf7 43. g5+ hxg5 44. hxg5+
Kg7 45. Re7 Kf8 46. Rb7 Bd5 47. Rc7 Be4 48. Kf2 Bg6 49. Ke3 Bf5 50. Kd4 Bg6
51. Ke5 Bd3 52. Kf6 Kg8 53. Bb3+ Kh8 54. Rc8+ Kh7 55. Bg8+ Kh8 56. Bc4+ Kh7
57. Bxd3# 1-0

[Event "World Blitz 2023"]
[Site "Samarkand UZB"]
[Date "2023.12.30"]
[Round "12.65"]
[White "Turayev, Shahruh"]
[Black "Agmanov, Zhandos"]
[Result "0-1"]
[WhiteElo "2168"]
[BlackElo "2407"]
[EventDate "2023.12.29"]

1. e4 e6 2. d4 d5 3. e5 c5 4. Nf3 Nc6 5. Bd3 cxd4 6. O-O Be7 7. Re1 g5 8.
Bf1 Bd7 9. Nxd4 Nxd4 10. Qxd4 Rc8 11. c4 dxc4 12. Nc3 Bc6 13. Qxa7 b5 14.
Ne4 Bxe4 15. Rxe4 Qd5 16. Re1 Nh6 17. Be3 Ra8 18. Qd4 Qxd4 19. Bxd4 Nf5 20.
Bc3 O-O 21. a3 Bc5 22. Rad1 Rfd8 23. g3 Nd4 24. Bg2 Ne2+ 25. Kf1 Nxc3 26.
Rxd8+ Rxd8 27. bxc3 Bxa3 28. Rb1 Rb8 29. Ke2 b4 30. cxb4 Bxb4 31. Be4 Rb5
32. f4 Kg7 33. Kf3 h6 34. Bc2 Rb8 35. Ke4 c3 36. f5 exf5+ 37. Kxf5 Rb6 38.
h4 gxh4 39. gxh4 Kf8 40. h5 Ke7 41. Rb3 f6 42. e6 Rb5+ 43. Kg6 Kxe6 44.
Kxh6 Bf8+ 45. Kg6 Rg5+ 46. Kh7 Rxh5+ 47. Kg8 Bd6 48. Rxc3 f5 49. Re3+ Be5
50. Bb3+ Kf6 51. Rf3 f4 52. Bd5 Rg5+ 53. Kh7 Rg7+ 54. Kh6 Rd7 55. Rd3 Rg7
56. Kh5 Rg1 57. Be4 Re1 58. Bf3 Kf5 59. Bg4+ Ke4 60. Rb3 Rh1+ 61. Kg5 Rg1
62. Kh5 Bd4 63. Bf3+ Ke5 64. Rb5+ Kf6 65. Be4 Be5 66. Rb6+ Ke7 67. Bd5 Bd6
68. Be4 Re1 69. Bf3 Rg1 70. Be4 Rg3 71. Ra6 Ke6 72. Ra5 Be5 73. Ra6+ Bd6
74. Ra5 Re3 75. Bd5+ Kf6 76. Kg4 Rg3+ 77. Kh4 Rg5 78. Rb5 f3 79. Bc4 Rg1
80. Bd3 f2 81. Rg5 Ke7 82. Rf5 Bc5 83. Rf3 Ke6 84. Kh3 Ke5 85. Bb5 Bd4 86.
Rf7 Ke4 87. Bc6+ Ke3 88. Bb5 Rh1+ 89. Kg2 Rg1+ 90. Kh3 Rg5 91. Ba6 Rg6 92.
Bb5 Bf6 93. Bc4 Kf3 94. Bd3 Rh6# 0-1

[Event "World Blitz 2023"]
[Site "Samarkand UZB"]
[Date "2023.12.30"]
[Round "12.66"]
[White "Song, Raymond"]
[Black "Saydaliev, Saidakbar"]
[Result "0-1"]
[WhiteElo "2383"]
[BlackElo "2323"]
[EventDate "2023.12.29"]

1. d4 Nf6 2. c4 e6 3. Nf3 d5 4. g3 Bb4+ 5. Bd2 a5 6. Bg2 dxc4 7. Qc2 b5 8.
a4 c6 9. Ne5 Nd5 10. O-O O-O 11. b3 Bxd2 12. Nxd2 c3 13. Bxd5 cxd5 14. Qxc3
b4 15. Qe3 Ba6 16. Rfc1 Nd7 17. Nc6 Qb6 18. Nf3 h6 19. Rc2 Nf6 20. Nd2 Kh8
21. Rac1 Rac8 22. Ne5 Rxc2 23. Rxc2 Kg8 24. Rc6 Qa7 25. Rc5 Qb6 26. f3 Rc8
27. Nf1 Ne8 28. Qc1 Nd6 29. Ne3 Rd8 30. Kf2 Bb7 31. g4 f6 32. Nd3 Nf7 33.
Rc7 Ba6 34. Qc5 Qb8 35. Qe7 Rf8 36. Nc5 Bc8 37. h4 Qb6 38. g5 hxg5 39. hxg5
fxg5 40. Ng4 Qd6 41. e3 Qxe7 42. Rxe7 Nd6 43. Nxe6 Bxe6 44. Rxe6 Ne4+ 45.
Kg2 Nd2 46. Re5 Nxb3 47. Rxd5 Rb8 48. Rb5 Rxb5 49. axb5 a4 50. b6 Na5 51.
d5 a3 52. d6 a2 53. d7 Nb7 0-1

[Event "World Blitz 2023"]
[Site "Samarkand UZB"]
[Date "2023.12.30"]
[Round "12.67"]
[White "Pichot, Alan"]
[Black "Mustafaev, Jamshid"]
[Result "1/2-1/2"]
[WhiteElo "2592"]
[BlackElo "2323"]
[EventDate "2023.12.29"]

1. Nf3 Nf6 2. b3 g6 3. Bb2 Bg7 4. g3 O-O 5. c4 d6 6. Bg2 e5 7. O-O Nbd7 8.
d3 a5 9. Nc3 Nc5 10. Nd2 Bg4 11. h3 Bd7 12. a3 Bc6 13. Bxc6 bxc6 14. b4
1/2-1/2

[Event "World Blitz 2023"]
[Site "Samarkand UZB"]
[Date "2023.12.30"]
[Round "12.68"]
[White "Pranav, V"]
[Black "Garayev, Kanan"]
[Result "0-1"]
[WhiteElo "2562"]
[BlackElo "2260"]
[EventDate "2023.12.29"]

1. e4 c5 2. Nf3 e6 3. d4 cxd4 4. Nxd4 Nf6 5. Nc3 Nc6 6. Ndb5 Bb4 7. a3
Bxc3+ 8. Nxc3 d5 9. exd5 exd5 10. Bd3 O-O 11. O-O Bg4 12. f3 Bh5 13. Bg5
Qb6+ 14. Kh1 Ne4 15. Nxe4 dxe4 16. Bxe4 Qxb2 17. Rb1 Qxa3 18. Rxb7 Qa6 19.
Rd7 Bg6 20. Bxg6 hxg6 21. h3 Qb5 22. Rd5 Qc4 23. Re1 Rfe8 24. Rxe8+ Rxe8
25. Rd6 a5 26. Kh2 a4 27. Rd3 Qc5 28. Bf4 Qc4 29. Bd6 Rd8 30. Qd2 Re8 31.
Rc3 Qb5 32. Qf4 Re6 33. Rc5 Qa6 34. Rc3 g5 35. Qd2 Nd4 36. Qxd4 Qxd6+ 37.
Qxd6 Rxd6 38. Ra3 Ra6 39. Kg3 Kf8 40. Kf2 Ke7 41. Ke3 Ke6 42. Kd4 Kf5 43.
g3 Rh6 44. Rxa4 Rxh3 45. g4+ Kf4 46. Ra3 f5 47. gxf5 g4 48. Ra1 gxf3 49. c4
f2 50. c5 Rh8 51. c6 Kf3 52. Ke5 Re8+ 53. Kd6 Re1 54. Ra3+ Kf4 55. Ra4+ Kg5
56. c7 Rc1 57. Ra1 Rxa1 58. c8=Q f1=Q 59. Qd8+ Kg4 0-1

[Event "World Blitz 2023"]
[Site "Samarkand UZB"]
[Date "2023.12.30"]
[Round "12.69"]
[White "Xiu, Deshun"]
[Black "Oro, Faustino"]
[Result "1-0"]
[WhiteElo "2493"]
[BlackElo "2105"]
[EventDate "2023.12.29"]

1. Nf3 Nf6 2. c4 e6 3. b3 b6 4. g3 Bb7 5. Bg2 Be7 6. O-O O-O 7. Bb2 d5 8.
cxd5 exd5 9. d4 Re8 10. Nc3 a6 11. Rc1 Nbd7 12. e3 h6 13. Qc2 Bd6 14. Nh4
Rc8 15. Rfd1 Bf8 16. Qb1 a5 17. Nb5 c6 18. Nc3 Ba6 19. Rc2 Bb4 20. Qc1 Qe7
21. Bh3 g6 22. a3 Bd6 23. Nb1 Bb7 24. Nf3 Rcd8 25. Nc3 c5 26. Ne2 Ne4 27.
dxc5 bxc5 28. Nf4 d4 29. Bg2 Bxf4 30. exf4 Bd5 31. Re2 Bxb3 32. Rde1 Bd5
33. Nd2 Ndf6 34. Nxe4 Nxe4 35. Bxe4 Bxe4 36. Rxe4 Qd7 37. Qc4 Rxe4 38. Rxe4
Qf5 39. f3 g5 40. Kg2 Rb8 41. Bc1 g4 42. Re5 Qb1 43. fxg4 d3 44. Re7 Rf8
45. Rd7 Kg7 46. Rxd3 Re8 47. Qc3+ Kg8 48. Re3 Rd8 49. Kh3 Qa2 50. Bb2 1-0

[Event "World Blitz 2023"]
[Site "Samarkand UZB"]
[Date "2023.12.30"]
[Round "12.70"]
[White "Isanzhulov, Arystan"]
[Black "Nafri, Khalil"]
[Result "1-0"]
[WhiteElo "2431"]
[BlackElo "2151"]
[EventDate "2023.12.29"]

1. e4 c5 2. Nf3 Nc6 3. Nc3 g6 4. Bb5 Nd4 5. O-O Bg7 6. Nxd4 cxd4 7. Ne2 e6
8. c3 dxc3 9. dxc3 Nf6 10. Bd3 d5 11. exd5 Nxd5 12. Be4 O-O 13. Nf4 Nf6 14.
Bf3 Rb8 15. Qa4 a6 16. Rd1 Qe7 17. Be3 b5 18. Qa5 Bb7 19. Bxb7 Qxb7 20. Rd3
Ng4 21. Rad1 Nxe3 22. fxe3 Bh6 23. Qb4 Qb6 24. Qd6 Qa7 25. g3 Rbd8 26. Qe5
Rxd3 27. Rxd3 Qe7 28. Nd5 Qg5 29. Qxg5 Bxg5 30. Nc7 a5 31. Nxb5 Rc8 32. a4
Rb8 33. Kf2 Bf6 34. Ke2 h5 35. Rd7 Kg7 36. Ra7 Rb6 37. Rxa5 Rc6 38. Ra7 h4
39. g4 1-0

[Event "World Blitz 2023"]
[Site "Samarkand UZB"]
[Date "2023.12.30"]
[Round "12.71"]
[White "Gallego Alcaraz, Andres Felipe"]
[Black "Rojas Salas, Steven"]
[Result "0-1"]
[WhiteElo "2384"]
[BlackElo "2210"]
[EventDate "2023.12.29"]

1. d4 d5 2. c4 e6 3. Nf3 Nf6 4. g3 dxc4 5. Bg2 c5 6. Qa4+ Bd7 7. Qxc4 b5 8.
Qd3 c4 9. Qc2 Nc6 10. Nc3 Nb4 11. Qd1 Rc8 12. Ne5 Be7 13. O-O O-O 14. a3
Nbd5 15. e4 Nb6 16. Be3 a5 17. Ne2 Be8 18. Qc2 Nfd7 19. f4 Nxe5 20. fxe5
Bc6 21. Nf4 Bb7 22. d5 Bc5 23. Bxc5 Rxc5 24. b4 Rc8 25. Rad1 Na4 26. dxe6
Qb6+ 27. Kh1 axb4 28. axb4 fxe6 29. Rd6 Qe3 30. Rxe6 Nc3 31. Re7 Bxe4 32.
Bxe4 Qxe4+ 33. Qxe4 Nxe4 34. Re1 c3 35. Rxe4 c2 36. Nd3 Rf3 37. Rd4 Rxd3
38. Rxd3 c1=Q+ 0-1

[Event "World Blitz 2023"]
[Site "Samarkand UZB"]
[Date "2023.12.30"]
[Round "12.72"]
[White "Vescovi, Giovanni"]
[Black "Khusenkhojaev, Mustafokhuja"]
[Result "1-0"]
[WhiteElo "2593"]
[BlackElo "2082"]
[EventDate "2023.12.29"]

1. d4 Nf6 2. Nf3 g6 3. c4 Bg7 4. Nc3 d5 5. e3 O-O 6. Qb3 e6 7. Bd2 b6 8.
cxd5 exd5 9. Be2 Bb7 10. O-O c6 11. Ne5 Nbd7 12. f4 Re8 13. Rad1 Qe7 14.
Bf3 Rac8 15. h3 Qd6 16. Kh1 c5 17. Be1 c4 18. Qc2 a6 19. a3 b5 20. Qf2 Ne4
21. Nxe4 dxe4 22. Bb4 Qe6 23. Bg4 f5 24. Be2 Nb6 25. Rc1 Nd5 26. Bd2 Re7
27. Rc2 Rec7 28. Rfc1 Rf8 29. Bf1 Rfc8 30. Ba5 Re7 31. Bd2 Rec7 32. Qe1 g5
33. fxg5 Bxe5 34. dxe5 Qxe5 35. Bc3 Nxc3 36. Rxc3 Bd5 37. Qf2 Be6 38. h4
Rd8 39. b3 Rcd7 40. bxc4 Rd2 41. Qf4 Qxf4 42. exf4 bxc4 43. Kh2 Rb8 44.
Bxc4 Bxc4 45. Rxc4 Rbb2 46. Rg1 e3 47. Rc5 e2 48. Re5 Kg7 49. h5 a5 50. a4
Ra2 51. Re1 Kf7 52. Rxf5+ Ke6 53. Re5+ Kd6 54. Kg3 Rdc2 55. g6 hxg6 56.
hxg6 Rxa4 57. R1xe2 Rc3+ 58. R2e3 Rc2 59. g7 Raa2 60. Re2 Ra3+ 61. Kg4 Rc8
62. Re8 Rcc3 63. R2e3 1-0

[Event "World Blitz 2023"]
[Site "Samarkand UZB"]
[Date "2023.12.30"]
[Round "12.73"]
[White "Kuziev, Miraziz"]
[Black "Zilka, Stepan"]
[Result "0-1"]
[WhiteElo "2196"]
[BlackElo "2494"]
[EventDate "2023.12.29"]

1. d4 Nf6 2. c4 e6 3. Nc3 Bb4 4. e3 O-O 5. Bd2 d5 6. Nf3 c5 7. a3 Bxc3 8.
Bxc3 Ne4 9. Rc1 Nxc3 10. Rxc3 cxd4 11. Nxd4 dxc4 12. Bxc4 Bd7 13. O-O Nc6
14. Ba2 Nxd4 15. Qxd4 Bc6 16. Qg4 Qd2 17. Qb4 a5 18. Qh4 Qxb2 19. Bb1 h6
20. Rc4 Rad8 21. Rg4 Kh8 22. a4 Rd7 23. h3 Rfd8 24. Be4 Rd1 25. Rxd1 Rxd1+
26. Kh2 Qe5+ 27. f4 Qxe4 28. Qe7 Qh7 29. f5 Rd7 30. Qf8+ Qg8 31. Qc5 0-1

[Event "World Blitz 2023"]
[Site "Samarkand UZB"]
[Date "2023.12.30"]
[Round "12.74"]
[White "Tissir, Mohamed"]
[Black "Tregubenko, Nikolay"]
[Result "1-0"]
[WhiteElo "2458"]
[BlackElo "1955"]
[EventDate "2023.12.29"]

1. e4 d6 2. d4 g6 3. Nf3 Bg7 4. Nc3 Nf6 5. Be3 O-O 6. h3 Nbd7 7. Bd3 e5 8.
O-O c6 9. a4 a5 10. Ne2 Qe7 11. Ng3 Rd8 12. c3 Nf8 13. Qd2 Be6 14. Rfe1
Rac8 15. Bg5 N8d7 16. Bh6 Bh8 17. Re2 Nb6 18. Qg5 Qc7 19. Qh4 Re8 20. Ree1
Bc4 21. Bxc4 Nxc4 22. b3 Nb6 23. Rad1 Nbd7 24. dxe5 Nxe5 25. Nd4 Ned7 26.
Ndf5 Re6 27. Nd4 Ree8 28. Ngf5 Ne5 29. Ng3 Ned7 30. f4 b5 31. axb5 cxb5 32.
Kh2 Qxc3 33. Nxb5 Qxb3 34. Nxd6 a4 35. e5 Nd5 36. Nxc8 Rxc8 37. Rc1 Nc3 38.
Nf5 Qe6 39. Ne7+ 1-0

[Event "World Blitz 2023"]
[Site "Samarkand UZB"]
[Date "2023.12.30"]
[Round "12.75"]
[White "Ilkhomi, Jaloliddin"]
[Black "O`gorman, Tom"]
[Result "0-1"]
[WhiteElo "2054"]
[BlackElo "2288"]
[EventDate "2023.12.29"]

1. Nf3 g6 2. c4 Bg7 3. Nc3 e5 4. d3 d6 5. g3 Nf6 6. Bg2 Nc6 7. a3 a5 8. Rb1
O-O 9. Bd2 Re8 10. O-O e4 11. dxe4 Nxe4 12. Nxe4 Rxe4 13. b3 Bf5 14. Rc1
Re8 15. Bc3 Bxc3 16. Rxc3 Qf6 17. Rc1 Be4 18. Qd2 Bxf3 19. Bxf3 Nd4 20. Qd3
Nxf3+ 21. exf3 Re6 22. Rfe1 Rae8 23. Rxe6 Rxe6 24. Kg2 Qb2 25. Qc3 Qxa3 26.
Ra1 Qb4 27. Qxb4 axb4 28. Ra7 c5 29. Rxb7 Re2 30. Rd7 Rd2 31. Kf1 Rd3 32.
Ke2 Rxb3 33. Rxd6 Rc3 34. Rc6 Rxc4 35. f4 Kg7 36. h4 Kf8 37. h5 Ke7 38. h6
Kd7 39. Rf6 Ke7 40. Rb6 Rc3 41. Rb8 b3 42. Kd1 c4 43. Rb7+ Ke6 44. Rb6+ Kf5
45. Rb7 Kg4 46. Rxf7 b2 47. Rb7 Rc1+ 0-1